Chápeme správne kognitívne, aktivačno-motivačné, emocionálne a sociálno-psychologické determinanty učenia sa našich študentov?
Kognitívna teória definuje učenie sa ako interaktívny proces. Kognitívne štýly podľa vybraných autorov. Štvorfázový cyklus učenia. Efektivita a kvalita vzdelávania. Využívanie pravej a ľavej hemisféry pri učení sa. Výsledky prieskumu.
Guardado en:
| Autor principal: | |
|---|---|
| Formato: | Capítulo de libro |
| Lenguaje: | eslovaco |
| Materias: | |
| Etiquetas: |
Sin Etiquetas, Sea el primero en etiquetar este registro!
|
MARC
| LEADER | 00000nla a2200000 4500 | ||
|---|---|---|---|
| 001 | 0201747 | ||
| 005 | 20240502073411.1 | ||
| 041 | 0 | |a slo | |
| 044 | |a SK | ||
| 245 | 1 | 0 | |a Chápeme správne kognitívne, aktivačno-motivačné, emocionálne a sociálno-psychologické determinanty učenia sa našich študentov? |c Jana Pätoprstá |
| 520 | |a Kognitívna teória definuje učenie sa ako interaktívny proces. Kognitívne štýly podľa vybraných autorov. Štvorfázový cyklus učenia. Efektivita a kvalita vzdelávania. Využívanie pravej a ľavej hemisféry pri učení sa. Výsledky prieskumu. | ||
| 610 | 2 | 0 | |a vzdelávanie |
| 610 | 2 | 0 | |a vyučovanie |
| 610 | 2 | 0 | |a študenti |
| 610 | 2 | 0 | |a angličtina |
| 610 | 2 | 0 | |a prieskum |
| 100 | 1 | |a Pätoprstá, Jana | |